000 00479nam a2200193Ia 4500
008 220531s9999 xx 000 0 und d
041 _aeng
082 _bDES
100 _aDeshpande, S. Ed.
_963654
245 _aProblem Of Caste
250 _a1ST
260 _aNew Delhi
_bOrient Black Swan
_c2014
300 _a422
542 _d23-03-2015
551 _aSociology
_bGrantable-SCO
650 _aSociology
_963655
906 _d2014-2015
_f6532
999 _c36141
_d36141